| 000 | 00787cab a2200229 4500 | ||
|---|---|---|---|
| 001 | WB3221-07 | ||
| 008 | 090401t1996 xxu||||| |||| 00| 0 eng d | ||
| 035 | _a(Sirsi) u13779 | ||
| 041 | _aeng | ||
| 245 | _aYield rise predicted | ||
| 260 | _c1996 | ||
| 350 | _a0 | ||
| 490 |
_aProperty Week _v55(9) 30 May 1996, 11(1) |
||
| 520 | _aA Bank of England director has warning that capital growth will be less volatile and lower in a period of economic growth and low inflation, and will no longer provide investors with spectacular gains. | ||
| 650 | _aBANK OF ENGLAND | ||
| 650 | _aCAPITAL GROWTH | ||
| 650 | _aECONOMIC GROWTH | ||
| 650 | _aLOW INFLATION | ||
| 690 | _aPROPERTY-COMMERCIAL PROPERTY-COMMERCIAL PROPERTY FINANCE AND INVESTMENT | ||
| 942 | _n0 | ||
| 948 | _c04/03/1997 | ||
| 999 |
_c8880 _d8880 |
||